<?xml version="1.0" encoding="UTF-8"?>
<collection xmlns:xsi="http://www.w3.org/2001/XMLSchema-instance" xsi:schemaLocation="http://www.loc.gov/MARC21/slim http://www.loc.gov/standards/marcxml/schema/MARC21slim.xsd" xmlns="http://www.loc.gov/MARC21/slim">
 <record>
  <leader>00000cam a22000003i 4500</leader>
  <controlfield tag="001">UP-1685594773862075042</controlfield>
  <controlfield tag="003">Buklod</controlfield>
  <controlfield tag="005">20170228145638.0</controlfield>
  <controlfield tag="006">g||| |     ||   ||</controlfield>
  <controlfield tag="007">ta</controlfield>
  <controlfield tag="008">170522s2015    nyua    rb   |||| u|eng d</controlfield>
  <datafield tag="020" ind1=" " ind2=" ">
   <subfield code="a">9781632384096 (hbk.)</subfield>
  </datafield>
  <datafield tag="035" ind1=" " ind2=" ">
   <subfield code="a">(iLib)UPBAG-00023453582</subfield>
  </datafield>
  <datafield tag="037" ind1=" " ind2=" ">
   <subfield code="a">BC-67754</subfield>
   <subfield code="b">JNJ Educational Enterprises</subfield>
   <subfield code="c">Php5,822.10</subfield>
   <subfield code="n">DPS Faculty</subfield>
  </datafield>
  <datafield tag="040" ind1=" " ind2=" ">
   <subfield code="a">OCLC</subfield>
   <subfield code="d">BAG</subfield>
   <subfield code="e">rda</subfield>
  </datafield>
  <datafield tag="041" ind1="0" ind2=" ">
   <subfield code="a">eng</subfield>
  </datafield>
  <datafield tag="090" ind1=" " ind2="0">
   <subfield code="a">QH 212 A78</subfield>
   <subfield code="b">S35 2015</subfield>
  </datafield>
  <datafield tag="245" ind1="0" ind2="0">
   <subfield code="a">Scientific researches in atomic force microscopy</subfield>
   <subfield code="c">edited by Kate Wright.</subfield>
  </datafield>
  <datafield tag="264" ind1=" " ind2="1">
   <subfield code="a">New York, NY, USA</subfield>
   <subfield code="b">NY Research Press</subfield>
   <subfield code="c">©2015.</subfield>
  </datafield>
  <datafield tag="300" ind1=" " ind2=" ">
   <subfield code="a">vi, 260 pages</subfield>
   <subfield code="b">illustrations (some color)</subfield>
   <subfield code="c">24 cm</subfield>
  </datafield>
  <datafield tag="504" ind1=" " ind2=" ">
   <subfield code="a">Includes bibliographical references.</subfield>
  </datafield>
  <datafield tag="520" ind1=" " ind2=" ">
   <subfield code="a">This book elucidates the scientific researches in the field of atomic force microscopy. The invention of the atomic force microscope (AFM) brought about drastic changes in the field of surface analysis. It proved to be a critical investigative resource and method, used for qualitative and quantitative study of surfaces with sub-nanometer resolutions. Additionally, samples analyzed through this microscope don't need prior preparation procedures. This prevents any alterations or adverse effects which may damage the sample while allowing a three dimensional study of the exterior surface. This book presents latest work by masters of this method across the globe. This method has found ready acceptance in procuring important information in a diverse spectrum of fields. Since its inception in 1986, it has found multiple uses across manufacturing, research and advancement fields.</subfield>
  </datafield>
  <datafield tag="650" ind1=" " ind2="0">
   <subfield code="a">Atomic force microscopy</subfield>
   <subfield code="x">Research.</subfield>
  </datafield>
  <datafield tag="700" ind1="1" ind2=" ">
   <subfield code="a">Wright, Kate</subfield>
   <subfield code="e">editor.</subfield>
  </datafield>
  <datafield tag="905" ind1=" " ind2=" ">
   <subfield code="a">FO</subfield>
  </datafield>
  <datafield tag="852" ind1="0" ind2=" ">
   <subfield code="a">UPBAG</subfield>
   <subfield code="b">UPBAG-MAIN</subfield>
   <subfield code="h">QH 212 A78 S35 2015</subfield>
  </datafield>
  <datafield tag="942" ind1=" " ind2=" ">
   <subfield code="a">Book</subfield>
  </datafield>
 </record>
</collection>
